000 00500ntaaa2200193 4500
003 01
005 20251027201427.0
008 0714s1973 ag 01
040 _aAR-BaBN
_bspa
_cAR-BaBN
_eaacr
_dRIC
082 _a270.6000 R56
100 _aRobinson, Wm. Childs
_912836
245 _aReformationÑ a rediscovery of grace.
250 _a1 ed. :
_bEerdmans,
_cc/962
300 _axi, 189 p.
650 _aReforma
_95724
650 _aHistoria Eclesiástica-Reforma
650 _aTeología
942 _cBK
999 _c8786
_d8786